000 00627nam a2200265Ia 4500
005 20260121165616.0
008 008 260114s9999 xx 000 0 eng d
020 _a9783319471013
037 _aEBOOK
040 _aCRL
040 _beng
040 _cCRL
041 _2eng
041 _aeng
084 _qCRL
100 _aE. Noiri, T.K. Jha
_91053829
245 0 _aKala Azar in South Asia
260 _bSpringer
260 _bSpringer
260 _c2016
856 _uhttps://link.springer.com/openurl?genre=book&isbn=978-3-319-47101-3
942 _cEBOOK
999 _c1619555
_d1619555